00405 a2200133 4500001001000000005001700010008004100027245005700068100001600125700001900141700001800160773007600178999001700254ART_1385920260410161911.0260409a 10aA dynamic simulation model of the world jute economy1 aBlitzer, C.1 aAnderson, Jock1 aCauchois, Tom0 tEuropean economic reviewg- Vol. 16, NÂș 2/3 (jun./jul. 1981)wREV13346 c26844d26844